• 首页
  • 本馆介绍
  • 公告通知
  • 最新文献
  • 馆藏检索
  • 电子资源
  • 读者导购
  • 参考咨询
  • 我的图书馆
  • 登录
  • 详细信息显示
  • 放入我的书架
  • 预约/预借图书
  • 作者相关作品
  • 分类相关作品
  • 丛书相关作品
  • 出版社相关作品

书目信息

  • 表格格式
  • 工作单格式
  • 卡片格式
题名:
语文里的疑难问题解析
    
 
作者: 董瑶 编著
分册:  
出版信息: 北京   金盾出版社  2012
页数: 274页
开本: 21cm
丛书名: 小学生金钥匙丛书
单 册:
中图分类: G624.203
科图分类:
主题词: 小学语文课--学习参考资料
电子资源:
ISBN: 978-7-5082-7138-5
000 00619nam0 2200217 450
001 2374692204
005 20231215204553.73
010    @a978-7-5082-7138-5@d20.00CNY
100    @a20120301d2012 cemy0chiy0120 ea
101 0  @achi
102    @aCN@b110000
105    @ay z 000yy
200 1  @a语文里的疑难问题解析@Ayu wen li de yi nan wen ti jie xi@b专著@f董瑶编著
210    @a北京@c金盾出版社@d2012
215    @a274页@d21cm
225 1  @a小学生金钥匙丛书
606 0  @a小学语文课@j学习参考资料
690    @aG624.203@v5
701  0 @a董瑶@Adong yao@4编著
801  2 @aCN@b辽宁北配@c20231205
905    @aBZT@dG624.203@e7
    
    语文里的疑难问题解析/董瑶编著.-北京:金盾出版社,2012
    274页;21cm.-(小学生金钥匙丛书)
    
    
    ISBN 978-7-5082-7138-5:20.00CNY
    
●
相关链接 在五车中查询图书 在当当中查询图书 在豆瓣中查询图书


正题名:语文里的疑难问题解析     索取号:G624.203/7         预约/预借

序号 登录号 条形码 馆藏地/架位号 状态 备注
1 2001622213   2001622213   辽三/辽宁北配(第三批)/2584/ [索取号:G624.203/7] 在馆    
2 2001622214   2001622214   辽三/辽宁北配(第三批)/2584/ [索取号:G624.203/7] 在馆    
3 2001622215   2001622215   辽三/辽宁北配(第三批)/2584/ [索取号:G624.203/7] 在馆    
4 2001622216   2001622216   辽三/辽宁北配(第三批)/2584/ [索取号:G624.203/7] 在馆    
5 2001622217   2001622217   辽三/辽宁北配(第三批)/2584/ [索取号:G624.203/7] 在馆    
6 2001622218   2001622218   辽三/辽宁北配(第三批)/2584/ [索取号:G624.203/7] 在馆    
7 2001622219   2001622219   辽三/辽宁北配(第三批)/2584/ [索取号:G624.203/7] 在馆    
8 2001622220   2001622220   辽三/辽宁北配(第三批)/2584/ [索取号:G624.203/7] 在馆    
9 2001622221   2001622221   辽三/辽宁北配(第三批)/2584/ [索取号:G624.203/7] 在馆    
10 2001622222   2001622222   辽三/辽宁北配(第三批)/2584/ [索取号:G624.203/7] 在馆    
11 2001622223   2001622223   辽三/辽宁北配(第三批)/2584/ [索取号:G624.203/7] 在馆    
12 2001622224   2001622224   辽三/辽宁北配(第三批)/2584/ [索取号:G624.203/7] 在馆    
13 2001622225   2001622225   辽三/辽宁北配(第三批)/2584/ [索取号:G624.203/7] 在馆    
14 2001622226   2001622226   辽三/辽宁北配(第三批)/2584/ [索取号:G624.203/7] 在馆    
15 2001622227   2001622227   辽三/辽宁北配(第三批)/2584/ [索取号:G624.203/7] 在馆    
16 2001622228   2001622228   辽三/辽宁北配(第三批)/2584/ [索取号:G624.203/7] 在馆    
17 2001622229   2001622229   辽三/辽宁北配(第三批)/2584/ [索取号:G624.203/7] 在馆    
18 2001622230   2001622230   辽三/辽宁北配(第三批)/2584/ [索取号:G624.203/7] 在馆    
19 2001622231   2001622231   辽三/辽宁北配(第三批)/2584/ [索取号:G624.203/7] 在馆    
20 2001622232   2001622232   辽三/辽宁北配(第三批)/2584/ [索取号:G624.203/7] 在馆    
21 2001622233   2001622233   辽三/辽宁北配(第三批)/2584/ [索取号:G624.203/7] 在馆    
22 2001622234   2001622234   辽三/辽宁北配(第三批)/2584/ [索取号:G624.203/7] 在馆    
23 2001622235   2001622235   辽三/辽宁北配(第三批)/2584/ [索取号:G624.203/7] 在馆    
24 2001622236   2001622236   辽三/辽宁北配(第三批)/2584/ [索取号:G624.203/7] 在馆    
25 2001622237   2001622237   辽三/辽宁北配(第三批)/2584/ [索取号:G624.203/7] 在馆    
26 2001622238   2001622238   辽三/辽宁北配(第三批)/2584/ [索取号:G624.203/7] 在馆    
27 2001622239   2001622239   辽三/辽宁北配(第三批)/2584/ [索取号:G624.203/7] 在馆    
28 2001622240   2001622240   辽三/辽宁北配(第三批)/2584/ [索取号:G624.203/7] 在馆    
29 2001622241   2001622241   辽三/辽宁北配(第三批)/2584/ [索取号:G624.203/7] 在馆    
30 2001622242   2001622242   辽三/辽宁北配(第三批)/2584/ [索取号:G624.203/7] 在馆    
山东省滨州职业学院图书馆 欢迎您!
大连网信软件有限公司© 版权所有